| 000 | 00596nam a2200241 a 4500 | ||
|---|---|---|---|
| 001 | nice12345678 | ||
| 003 | IN_TiNIC | ||
| 005 | 20260116012810.0 | ||
| 008 | 050524s1957 newa grp 000 0 eng | ||
| 020 |
_a _c100 |
||
| 082 | 0 | 0 |
_a949.5 _bWAL |
| 100 | _aWalford, Naomi | ||
| 245 |
_aByzantium _b Greatness and Decline |
||
| 260 |
_aNew Jersey _bRutgers University Press _c1957 |
||
| 300 | _a357p | ||
| 500 | _aincludes index and biblioraphy | ||
| 505 | 2 | _aIndex | |
| 650 | _aByzantine Empire-History | ||
| 700 | 1 | _aWalford, Naomi | |
| 902 | _bSRS | ||
| 942 | _cBK | ||
| 999 |
_c8416 _d8416 |
||